Word Ladder: American Ninja Warrior Quiz Stats

 Plays Quiz Updated Apr 24, 2019

Score 0/11 Timer 01:30
0 Plays Today
Clue 4 Letter Word % Correct
Capital of ItalyROME
96.9%
Head of the Catholic ChurchPOPE
96.8%
First name of Fresh Prince SmithWILL
96.7%
Common form of medicinePILL
96.2%
LassoROPE
96.2%
HeapPILE
94.5%
• American Ninja Warrior Obstacle 'Half-____ Attack' •• PIPE •
92.3%
• American Ninja Warrior Obstacle 'Warped ____' •• WALL •
81.2%
To play or frolicROMP
78.4%
BacksideRUMP
76.3%
• American Ninja Warrior Obstacle '____ Hang' •• JUMP •
48.8%

Today's Daily Dose

You're not logged in!

Compare scores with friends on all Sporcle quizzes.
OR
Log In

Show Comments

Extras

Top Quizzes Today


Score Distribution

Your Account Isn't Verified!

In order to create a playlist on Sporcle, you need to verify the email address you used during registration. Go to your Sporcle Settings to finish the process.

Report this User

Report this user for behavior that violates our Community Guidelines.

Details: